Singing ideas (Record no. 621938)

MARC details
000 -LEADER
fixed length control field 00825nam a2200253Ia 4500
003 - CONTROL NUMBER IDENTIFIER
control field OSt
005 - DATE AND TIME OF LATEST TRANSACTION
control field 20220926012148.0
008 - FIXED-LENGTH DATA ELEMENTS--GENERAL INFORMATION
fixed length control field 220923b |||||||| |||| 00| 0 eng d
020 ## - INTERNATIONAL STANDARD BOOK NUMBER
International Standard Book Number 9781785337673
037 ## - SOURCE OF ACQUISITION
Terms of availability General Book
040 ## - CATALOGING SOURCE
Original cataloging agency RTL
Transcribing agency RTL
Language of cataloging eng
041 ## - LANGUAGE CODE
Source of code eng
Language code of text/sound track or separate title eng
100 ## - MAIN ENTRY--PERSONAL NAME
Personal name SHIOCHAIN Triona Ni
9 (RLIN) 315671
245 #0 - TITLE STATEMENT
Title Singing ideas
Remainder of title Performance, politics and oral poetry
260 ## - PUBLICATION, DISTRIBUTION, ETC.
Place of publication, distribution, etc. New York
Name of publisher, distributor, etc. Berghahn
Date of publication, distribution, etc. 2018
300 ## - PHYSICAL DESCRIPTION
Extent viii,204p
Dimensions cm.
500 ## - GENERAL NOTE
General note Bibliography chapterwise
650 ## - SUBJECT ADDED ENTRY--TOPICAL TERM
Topical term or geographic name entry element Sociology
942 ## - ADDED ENTRY ELEMENTS (KOHA)
Classification part Y9(NR).564, Q8
Koha item type General Books
Source of classification or shelving scheme Colon Classification (CC)
Holdings
Withdrawn status Lost status Damaged status Not for loan Home library Current library Date acquired Source of acquisition Cost, normal purchase price Total Checkouts Full call number Barcode Date last seen Cost, replacement price Price effective from Koha item type
        Ratan Tata Library Ratan Tata Library 2022-09-26 KS/2017-18/048, 12/03/2018, KADMIEL SOLUTIONS 7660.20   Y9(NR).564 Q8 RT1501108 2022-09-26 7660.20 2022-09-26 General Books
Copyright @ Delhi University Library System